Torschützenliste der Serie A 2013-2014 - Statistiken

Allgemein
  • Dieses Quiz wurde 22 mal gespielt
  • Das Durchschnittsergebnis liegt bei 6 aus 12
Antwortstatistiken
Tore Nationalität Verein Spieler % Korrekt
17 Argentinien SSC Neapel Gonzalo Higuaín
85%
17 Italien Udinese Calcio Antonio Di Natale
80%
22 Italien FC Turin Ciro Immobile
80%
20 Italien Hellas Verona Luca Toni
80%
19 Argentinien Juventus Turin Carlos Tévez
70%
15 Spanien SSC Neapel José Callejón
60%
16 Italien US Sassuolo Calcio Domenico Berardi
45%
17 Argentinien Inter Mailand Rodrigo Palacio
45%
16 Spanien Juventus Turin Fernando Llorente
40%
15 Italien CFC Genua Alberto Gilardino
15%
16 Italien AC Florenz Giuseppe Rossi
15%
15 Brasilien AS Livorno Paulinho
0%
Keine übereinstimmenden Quizze gefunden
Verteilung der Resultate
Anzahl Personen mit jedem Resultat
Perzentil nach korrekt beantworteten Fragen
Ihre Resultats-Entwicklung
Sie haben dieses Quiz noch nicht gespielt